000
00270nam a2200121Ia 4500
008
191201s1973 xx 000 0 und d
100
_a
HARRIS, Thomas
245
0
_a
I'm Ok, You're Ok
260
_a
N.Delhi
_b
IBD
_c
1973
300
_a
317
650
_a
MBA
942
_2
ddc
_c
BK
999
_c
2897
_d
2897